000 00631nam a2200241Ia 4500
003 OSt
005 20221007101227.0
006 a|||||r|||| 00| 0
007 ta
008 221006b |||||||| |||| 00| 0 eng d
024 _a6,068
037 _cTextual
040 _aLCO
_cLCO
_beng
041 _2eng
_aeng
082 _aZv2.A, L3
100 _aMITTAL J K
_9423953
245 0 _aIndian Legal History. ( In Hindi)
260 _aAllahabad
_bLaw Agency
_c1973
300 _a536
650 _aLEGAL HISTORY
_9695031
942 _hZv2.A, L3
_cTEXL
999 _c1175631
_d1175631